Normal view
MARC view
- MBS Thesis
Entry Topical Term
001 - CONTROL NUMBER
- control field: 17892
003 - CONTROL NUMBER IDENTIFIER
- control field: NUST
005 - DATE AND TIME OF LATEST TRANSACTION
- control field: 20190717094959.0
008 - FIXED-LENGTH DATA ELEMENTS
- fixed length control field: 190717|| aca||aabn | a|a d
040 ## - CATALOGING SOURCE
- Original cataloging agency: NUST
- Transcribing agency: NUST
150 ## - HEADING--TOPICAL TERM
- Topical term or geographic name entry element: MBS Thesis
670 ## - SOURCE DATA FOUND
- Source citation: Work cat.: (NUST): Sara Nawaz, Malik 17891, THE HUMAN RESOURCE BUSINESS PARTNER: A JOURNEY OF EVOLUTION AND GROWTH IN THE PAKISTAN TELECOM INDUSTRY /, 2013.
